00444nam a2200169Ia 4500003000900000008004100009040001300050040001300063041000800076245009600084250001200180260001300192260000900205300001000214490000600224710004400230IT-RoPAU120407s9999 xx 000 0 und d aIT-RoPAU cIT-RoPAU aita aEnciclopedia Filosofica. Ristampa aggiornata della 2.a ed. interamente rielaborata. 8 voll. aFirenze aLucarini c1982 c28 cm v1 aCentro di Studi Filosofici di Gallarate